Quizzes
Events
Quiz Creation
Community
Videos
Private Events
Remove Ads
Sign In
Join for FREE
Feedback
Dark Mode
Quiz Categories
Sports
Geography
Music
Movies
Television
Just For Fun
Miscellaneous
History
Literature
Language
Science
Gaming
Entertainment
Religion
Holiday
For Kids
Quiz Lab
Recent
Popular Today
Quiz Kudos Today
Editor Picks
Curator Picks
Quizzes by...
Day
Popularity
Type
Ratings
Length
Year
Community
Subscriptions
Recent Discussions
Orange Saloon
Badges
Playlists
Quests
Create
Leaderboards
Showdown
Live 5
Trivia Bingo
Activity
Puzzle Library
Sporcle Events
Private Events
Virtual Trivia
Globe League
Become a Host
Pub Owners
SporcleCon
Opinionation
Our Games
Videos
Blog
Mobile Apps
Partnerships
Remove Ads and Go Orange
Feedback
Music
Pop Music
The Beatles
Song
Album
Lyrics
Bands
Singers
Artist
Clip
Rock
Rap
Classical
Billboard
Country Music
Kpop
Taylor Swift
Music
Pop Music
The Beatles
Song
Album
Lyrics
Bands
Singers
Artist
Clip
Rock
Rap
Classical
Billboard
Country Music
Kpop
Taylor Swift
Random Quiz
Search Sporcle
×
Quiz Lab
Quiz Lab
Music
Song
Select answers by clicking on text or image buttons
Select answers by clicking on text or image buttons
Clickable
Best Score? Go Orange.
Song States (clickable) Stats
Can you pick the state missing from the song title?
By
amwoods13
8m
50 Questions
777 Plays
777 Plays
777 Plays
Comments
Comments
Give Quiz Kudos
Give Quiz Kudos
-
- Ratings
hide this ad
More Info
Forced Order
Answers have to be entered in order
Answers have to be entered in order
Replay
Link that replays current quiz
Next Quiz
Link to next quiz in quiz playlist
You Got
0%
They Got
Avg Score
44%
Avg Friend Score
Upgrade to see
Score Distribution
Jump to the score distribution portion of the page
Score
0/50
Timer
08:00
0
Plays Today
% Correct
California
94.2%
Georgia
87.9%
Georgia
87.3%
California
86.1%
Georgia
85.8%
Oregon
85.6%
California
84.9%
California
83.7%
Alabama
80.2%
Oklahoma
75%
California
73.9%
Georgia
73%
Texas
70.5%
New York
69.9%
New York
69%
Hawaii
63.8%
Idaho
58.8%
Mississippi
58.7%
California
58.7%
Ohio
48.4%
Texas
47%
Alaska
46.2%
Massachusetts
45.6%
Virginia
45.2%
Texas
39.9%
% Correct
California
37.7%
Nebraska
37.1%
Indiana
36.8%
Tennessee
36%
New York
35.4%
Kentucky
35.3%
Mississippi
29.3%
Massachusetts
27.7%
Alabama
27.4%
Virginia
25.7%
Tennessee
21.2%
Iowa
17.9%
Vermont
17.5%
Louisiana
16.3%
Arkansas
14.5%
Nevada
12.9%
Montana
12.5%
Michigan
11.7%
Montana
10.9%
Colorado
10.8%
Connecticut
10.2%
Colorado
8.8%
New Jersey
8.6%
New Hampshire
7.6%
Missouri
4.1%
Quiz Playlist
Details
Report
Send in Message
Add To Playlist
More Info:
The blank spaces in the clue are no indication of the length of the state name or the number of words in the name.
Clickable:
Select answers by clicking on text or image buttons
Forced Order:
Answers have to be entered in order
Quiz Source
Last Updated: Feb 16, 2017
Quiz Scoreboard
CHALLENGE
Sign Up to Join the Scoreboard
Show All
Scores
Hide
Comments
May contain spoilers
Recently Published
NBA Finals Game Top Scorers (2010s)
by flibbidy
Sports
5m
Guess the 'R' Things in 3 Words
by MSUKent
Miscellaneous
3m
Actor to Badly Drawn Movie III
by MoMosMoProblems
Movies
5m
More to Explore
Quiz From the Vault
Featured Blog Post
Where Does Lost Luggage Go?
hide this ad
You Might Also Like...
Tags
Song Quiz
Today's Top Quizzes in Music
Browse Music
hide this ad
Today's Top Quizzes in Song
Browse Song
Top Contributed Quizzes in Music
1
Taylor Swift All Songs (2024)
2
Image Sorting: Rock Albums II
3
Image Sorting: Rock Albums III
4
Image Sorting: Rock Albums IV
5
Image Sorting: Rock Albums V
6
Image Sorting: Rock Albums VI
7
Taylor Swift Logic Puzzle
8
Adjectives in 80s Songs
9
Image Sorting: Album Titles
10
Nickname Match: Musicians
Explore More
Trending Topics
Kpop
Crossword
Harry Potter
NBA
Disney
Anime
Marvel
Country
WWE
NFL
Song
Pokémon
The Office
Soccer
Puzzle
hide this ad
More By:
amwoods13
Quiz
Plays
Rating
Category
Featured
Created
Colorful Song Click 'Em
101,344
4.41
Music
May 8, 2012
Song Occupations
80,381
4.28
Music
May 20, 2012
Classic Rock from A to Z
60,774
4.44
Music
Aug 5, 2013
Lead Singer Match: Classic Rock
51,263
4.43
Music
Jan 8, 2013
Best Picture Nominee Slot Machine
50,314
4.62
Movies
Jun 4, 2012
Go to Creator's Profile
Score Distribution
Quiz Creator Spotlight
amwoods13
Follow
Send a Message
Quizzes Created
-
Created Quiz Play Count
-
More By This Creator
Popular Quizzes Today
1
Find the US States - No Outlines Minefield
2
Find the US States
3
The Countries of the World
4
10 Largest US States in Order
5
Find the Countries of Europe - No Outlines Minefield
6
US States
7
Guess the 'R' Things in 3 Words
8
NBA Finals Game Top Scorers (2010s)
More Music Quizzes
4th Generation K-Pop Girl Group Debuts
Quiz Lab
Trending Quizzes
First Name TV: Leading Men
Match the Book to the Film II
First Name TV: Leading Women Drama
3-Word Movies in 1 Word II
Match the Book to the Film VI
Recently Updated
Women's Final Four Teams by Year
bhenderson79
Presidents Quartet II
eogle
Anything But Clue(do)
eogle
Anything But Oceanian Capitals
eogle
Anything But 7
eogle
Anything But Thing
eogle
Word Ladder: February 29
pecheneg
Song Title Questions
pecheneg
Women's NCAA Tournament #1 Seeds
pecheneg
Celebrity Mug Shots
pecheneg
Trending Topics
Kpop
Anime
Marvel
Harry Potter
NBA
Crossword
Disney
Song
NFL
Soccer
Country
Pokémon
The Office
Puzzle
WWE
Your Account Isn't Verified!
In order to create a playlist on Sporcle, you need to verify the email address you used during registration. Go to your
Sporcle Settings
to finish the process.
Report this User
Report this user for behavior that violates our
Community Guidelines
.
Details:
Send Report
Go to the Sporcle.com Mobile Site →
Comments